00461nam a2200181Ia 4500008004100000020001400041050001400055100002000069245002300089245006900112260001500181260001600196260000900212300001400221300002700235300001000262500000700272170918s9999 xx 000 0 und d a439321670 bR848 2000 aRotner, Shelley aFeeling thankful / cShelley Rotner and Sheila Kelly ; photographs by Shelley Rotner. aNew York : bScholastic, c2000 aunpaged : bcolored illustration ; c23cm. aBR